Tribhuvan University Central Library

Kaksya dasaka kavita siksana garda prayog garine siksana vidhiharuko adhyayan (Record no. 68496)

MARC details
000 -LEADER
fixed length control field 00462 a2200145 4500
041 ## - LANGUAGE CODE
Language code of text/sound track or separate title Nepali
082 ## - DEWEY DECIMAL CLASSIFICATION NUMBER
Classification number CD8047
100 ## - MAIN ENTRY--PERSONAL NAME
Personal name Katuwal, Dambar
245 ## - TITLE STATEMENT
Title Kaksya dasaka kavita siksana garda prayog garine siksana vidhiharuko adhyayan
260 ## - PUBLICATION, DISTRIBUTION, ETC. (IMPRINT)
Place of publication, distribution, etc Kathmandu,
Date of publication, distribution, etc 2008
502 ## - DISSERTATION NOTE
Dissertation note Dissertation
Degree type Degree in Education
Name of granting institution Sukuna M.C.
650 ## - SUBJECT ADDED ENTRY--TOPICAL TERM
Topical term or geographic name as entry element Language learning
-- Teachers
-- Student envolvement
-- Learning methods
653 ## - INDEX TERM--UNCONTROLLED
Uncontrolled term Nepali language
942 ## - ADDED ENTRY ELEMENTS (KOHA)
Source of classification or shelving scheme Dewey Decimal Classification
Koha item type Audio Visual Materials
Holdings
Withdrawn status Lost status Source of classification or shelving scheme Damaged status Not for loan Home library Current library Date acquired Total Checkouts Full call number Barcode Date last seen Price effective from Koha item type
    Dewey Decimal Classification     Tribhuvan University Central Library Tribhuvan University Central Library 01/27/2014   CD8047 A7995 01/27/2014 01/27/2014 Audio Visual Materials